[Event "HUN-chT2 Maroczy 1415"]
[Site "Hungary"]
[Date "2014.11.16"]
[Round "2"]
[White "Szalay, Balazs"]
[Black "Kiss, Jozsef"]
[Result "1-0"]
[WhiteElo "1940"]
[BlackElo "1912"]
[PlyCount "71"]
[EventDate "2014.10.12"]
[EventType "team-tourn"]
[EventRounds "9"]
[EventCountry "HUN"]
[SourceTitle "EXT 2016"]
[Source "ChessBase"]
[SourceDate "2015.10.08"]
[SourceVersion "1"]
[SourceVersionDate "2015.10.08"]
[SourceQuality "1"]
[WhiteTeam "Miskolc KisBocsok"]
[BlackTeam "Penzugyor II"]
[WhiteTeamCountry "HUN"]
[BlackTeamCountry "HUN"]

1. c4 Nf6 2. Nc3 g6 3. g3 Bg7 4. Bg2 0-0 5. Nf3 d6 6. 0-0 e5 7. d3 c6 8. Rb1 Nh5 9. b4 f5 10. Bd2 f4 11. b5 g5 12. bxc6 Nxc6 13. Nd5 Rb8 14. Bc3 g4 15. Nd2 Nd4 16. Bxd4 exd4 17. Qa4 a6 18. Qb4 Be5 19. Ne4 Be6 20. Qb6 Bxd5 21. Qxd8 Rfxd8 22. cxd5 Ng7 23. Rfc1 Ne8 24. f3 h5 25. Kf2 Rd7 26. fxg4 hxg4 27. Kg1 Nc7 28. gxf4 Bxf4 29. Nf6+ Kf7 30. Nxd7 Be3+ 31. Kh1 Nb5 32. Rf1+ Kg6 33. Nxb8 Nc3 34. Be4+ Kg5 35. Rxb7 Nxe4 36. Rg7+ 1-0

[Event "HUN-chT2 Erkel 0809"]
[Site "Hungary"]
[Date "2008.11.02"]
[Round "2.10"]
[White "Kiss, Jozsef"]
[Black "Halak, Miklos"]
[Result "0-1"]
[WhiteElo "2111"]
[BlackElo "1939"]
[PlyCount "100"]
[EventDate "2008.10.26"]
[EventType "team-tourn"]
[EventRounds "11"]
[EventCountry "HUN"]
[SourceTitle "EXT 2010"]
[Source "ChessBase"]
[SourceDate "2010.11.25"]
[SourceVersion "1"]
[SourceVersionDate "2010.11.25"]
[SourceQuality "1"]
[WhiteTeam "Keviterv"]
[BlackTeam "Foti"]
[WhiteTeamCountry "HUN"]
[BlackTeamCountry "HUN"]

1. e4 e5 2. Nf3 Nc6 3. Bc4 Bc5 4. b4 Bxb4 5. c3 Ba5 6. d4 exd4 7. 0-0 d6 8. Qb3 Qe7 9. cxd4 Bb6 10. d5 Ne5 11. Qc2 Nxc4 12. Qxc4 Nf6 13. e5 Ng4 14. e6 Nxf2 15. exf7+ Qxf7 16. Qe2+ Qe7 17. Qxe7+ Kxe7 18. Rxf2 Rf8 19. Bb2 Bxf2+ 20. Kxf2 g5 21. h3 h5 22. Kg3 g4 23. hxg4 Bxg4 24. Nc3 Bxf3 25. gxf3 Rf5 26. Re1+ Kd7 27. f4 Rg8+ 28. Kf3 h4 29. Rh1 Rg3+ 30. Ke4 Rh5 31. Ne2 Rg8 32. Nd4 h3 33. Nf3 Rg2 34. Rh2 c6 35. dxc6+ bxc6 36. Rxg2 hxg2 37. f5 c5 38. Bc1 d5+ 39. Ke5 d4 40. Bf4 Rh1 41. Kd5 g1Q 42. Nxg1 Rxg1 43. Kxc5 Rf1 44. Bh6 Rxf5+ 45. Kb4 Rf2 46. a3 Rc2 47. Bg7 d3 48. Kb3 Kc6 49. Bc3 Kd5 50. a4 Ke4 0-1

[Event "HUN-chT2 Erkel 0708"]
[Site "Hungary"]
[Date "2008.05.18"]
[Round "11"]
[White "Kiss, Jozsef"]
[Black "Kanya, Zoltan"]
[Result "1/2-1/2"]
[WhiteElo "2096"]
[BlackElo "2073"]
[PlyCount "134"]
[EventDate "2007.10.14"]
[EventType "team"]
[EventRounds "11"]
[EventCountry "HUN"]
[SourceTitle "EXT 2009"]
[Source "ChessBase"]
[SourceDate "2008.11.26"]
[SourceVersion "1"]
[SourceVersionDate "2008.11.26"]
[SourceQuality "1"]
[WhiteTeam "Keviterv"]
[BlackTeam "Paszto"]
[WhiteTeamCountry "HUN"]
[BlackTeamCountry "HUN"]

1. e4 c5 2. Nf3 g6 3. d4 Bg7 4. Nc3 cxd4 5. Nxd4 Nc6 6. Be3 d6 7. Qd2 Nf6 8. f3 a6 9. 0-0-0 Qa5 10. Kb1 Nxd4 11. Bxd4 b5 12. h4 Be6 13. Bxf6 Bxf6 14. Nd5 Qxd2 15. Nxf6+ exf6 16. Rxd2 Ke7 17. h5 Rac8 18. a4 Rc5 19. axb5 axb5 20. b4 Rcc8 21. Bxb5 Rb8 22. c4 Bxc4 23. Bxc4 Rxb4+ 24. Rb2 Rhb8 25. Rxb4 Rxb4+ 26. Kc2 Rxc4+ 27. Kd2 Ra4 28. Ke3 g5 29. Rb1 Ra3+ 30. Kf2 Ra8 31. Kg3 Ke6 32. Kg4 h6 33. Rb5 Ra1 34. Rb8 Rh1 35. g3 Rd1 36. Re8+ Kd7 37. Rh8 d5 38. Rxh6 Ke7 39. exd5 Rxd5 40. Rh8 Rd4+ 41. f4 gxf4 42. gxf4 Rd1 43. Ra8 Rg1+ 44. Kf5 Rh1 45. Ra7+ Ke8 46. Kxf6 Rxh5 47. Re7+ Kf8 48. Rxf7+ Kg8 49. Rg7+ Kf8 50. Rg5 Rh6+ 51. Rg6 Rh7 52. f5 Rf7+ 53. Kg5 Rh7 54. Rb6 Rg7+ 55. Kf4 Re7 56. Rh6 Rg7 57. Rb6 Rc7 58. Rb4 Kf7 59. Kg5 Ra7 60. Rh4 Ra1 61. Rh7+ Kg8 62. Re7 Ra6 63. f6 Ra1 64. Re4 Kf7 65. Re7+ Kf8 66. Kf5 Rf1+ 67. Ke6 Re1+ 1/2-1/2

[Event "HUN-chT2 Breyer 0708"]
[Site "Hungary"]
[Date "2008.04.27"]
[Round "10"]
[White "Kiss, Jozsef"]
[Black "Gombocz, Zsolt"]
[Result "1/2-1/2"]
[WhiteElo "2096"]
[BlackElo "2098"]
[PlyCount "90"]
[EventDate "2007.10.14"]
[EventType "team"]
[EventRounds "11"]
[EventCountry "HUN"]
[SourceTitle "EXT 2009"]
[Source "ChessBase"]
[SourceDate "2008.11.26"]
[SourceVersion "1"]
[SourceVersionDate "2008.11.26"]
[SourceQuality "1"]
[WhiteTeam "Penzugyor II"]
[BlackTeam "MAFC"]
[WhiteTeamCountry "HUN"]
[BlackTeamCountry "HUN"]

1. e4 Nf6 2. e5 Nd5 3. c3 d6 4. f4 Nxf4 5. Qa4+ Nc6 6. Qxf4 Nxe5 7. Nf3 Ng6 8. Qa4+ c6 9. d4 e5 10. d5 Bd7 11. dxc6 bxc6 12. Bd3 f5 13. Be2 Qb6 14. Qb3 d5 15. Qxb6 axb6 16. Be3 f4 17. Bxb6 Rb8 18. Bc7 Rb7 19. Bxe5 Rxb2 20. Bc7 Bc5 21. Nbd2 0-0 22. h4 Rc8 23. Ba5 Re8 24. Kd1 Bf5 25. Nd4 Ne7 26. Kc1 Ba3 27. Kd1 c5 28. Bb5 Bg4+ 29. Be2 Bxe2+ 30. Nxe2 Nf5 31. Nxf4 Ne3+ 32. Ke2 Nc4+ 33. Kf3 Re3+ 34. Kg4 Rxd2 35. Bc7 Rxc3 36. Rab1 Bb2 37. Rhe1 Ne3+ 38. Kh5 Ra3 39. g4 Kf7 40. Bd6 Ra6 41. Rxe3 Rxd6 42. g5 Rd7 43. Rf1 g6+ 44. Kh6 Kg8 45. Re8+ Kf7 1/2-1/2

[Event "HUN-chT2 Erkel 0708"]
[Site "Hungary"]
[Date "2008.02.17"]
[Round "6"]
[White "Kiss, Jozsef"]
[Black "Honsch, Pal"]
[Result "1-0"]
[WhiteElo "2096"]
[BlackElo "2077"]
[PlyCount "48"]
[EventDate "2007.10.14"]
[EventType "team"]
[EventRounds "11"]
[EventCountry "HUN"]
[SourceTitle "EXT 2009"]
[Source "ChessBase"]
[SourceDate "2008.11.26"]
[SourceVersion "1"]
[SourceVersionDate "2008.11.26"]
[SourceQuality "1"]
[WhiteTeam "Keviterv"]
[BlackTeam "Vaci"]
[WhiteTeamCountry "HUN"]
[BlackTeamCountry "HUN"]

1. e4 c5 2. Nf3 d6 3. d4 cxd4 4. Nxd4 Nf6 5. Nc3 a6 6. Bg5 Nbd7 7. f4 Qc7 8. Qf3 e6 9. 0-0-0 Be7 10. g4 b5 11. Bxf6 gxf6 12. f5 Nb6 13. fxe6 fxe6 14. g5 Qc5 15. Bh3 Qxg5+ 16. Kb1 Nc4 17. Bxe6 Rb8 18. Qh3 Bxe6 19. Nxe6 Qe3 20. Qh5+ Kd7 21. Nd5 Nd2+ 22. Rxd2 Qxd2 23. Qf5 Rhg8 24. Nf8+ Ke8 1-0

[Event "HUN-chT2 Breyer 0607"]
[Site "Hungary"]
[Date "2007.05.20"]
[Round "11"]
[White "Pallag, Gyorgy"]
[Black "Kiss, Jozsef"]
[Result "1-0"]
[WhiteElo "1939"]
[BlackElo "2095"]
[PlyCount "73"]
[EventDate "2006.11.12"]
[EventType "team"]
[EventRounds "11"]
[EventCountry "HUN"]
[SourceTitle "EXT 2008"]
[Source "ChessBase"]
[SourceDate "2007.11.25"]
[SourceVersion "1"]
[SourceVersionDate "2007.11.25"]
[SourceQuality "1"]
[WhiteTeam "Kisber Aszar"]
[BlackTeam "Penzugyor II"]
[WhiteTeamCountry "HUN"]
[BlackTeamCountry "HUN"]

1. Nf3 Nf6 2. g3 g6 3. Bg2 Bg7 4. 0-0 0-0 5. c4 d6 6. d4 Nbd7 7. Nc3 e5 8. Bg5 h6 9. dxe5 dxe5 10. Bxf6 Bxf6 11. Qc2 c6 12. Rad1 Qc7 13. Ne4 Be7 14. Qd2 Kg7 15. Nd6 f5 16. Nxc8 Nf6 17. Nxe7 Qxe7 18. Qd6 Rae8 19. Qxe7+ Rxe7 20. Ne1 e4 21. Nc2 Nd7 22. Rd6 Ne5 23. b3 Nf7 24. Rd2 Ne5 25. Rfd1 Kf6 26. f4 Nf7 27. e3 h5 28. b4 Rc8 29. c5 g5 30. a4 a6 31. Bf1 Rcc7 32. Bc4 gxf4 33. gxf4 Nh8 34. Kf2 Rg7 35. Rd6+ Ke7 36. Re6+ Kf8 37. Rd8+ 1-0

[Event "HUN-chT2 Erkel 0607"]
[Site "Hungary"]
[Date "2007.03.25"]
[Round "7"]
[White "Kiss, Jozsef"]
[Black "Nemeth, Balazs"]
[Result "1-0"]
[WhiteElo "2098"]
[BlackElo "1960"]
[PlyCount "73"]
[EventDate "2006.11.12"]
[EventType "team"]
[EventRounds "11"]
[EventCountry "HUN"]
[SourceTitle "EXT 2008"]
[Source "ChessBase"]
[SourceDate "2007.11.25"]
[SourceVersion "1"]
[SourceVersionDate "2007.11.25"]
[SourceQuality "1"]
[WhiteTeam "Keviterv"]
[BlackTeam "Paszto"]
[WhiteTeamCountry "HUN"]
[BlackTeamCountry "HUN"]

1. e4 g6 2. d4 Bg7 3. Nc3 d6 4. Be3 Nf6 5. f3 c6 6. Qd2 0-0 7. 0-0-0 Qc7 8. g4 b5 9. h4 a5 10. Bd3 a4 11. Bh6 b4 12. Nb1 c5 13. h5 c4 14. Bxg7 Kxg7 15. hxg6 fxg6 16. e5 cxd3 17. exf6+ exf6 18. Qxd3 Ba6 19. Qd2 Rc8 20. Nh3 Nc6 21. Rh2 b3 22. axb3 axb3 23. c3 Nb4 24. Rdh1 Nd3+ 25. Kd1 h5 26. gxh5 Qc4 27. hxg6 Nxb2+ 28. Qxb2 Qd3+ 29. Nd2 Bb7 30. Ng1 Ra2 31. Qb1 Rxc3 32. Qxd3 Rxd3 33. Kc1 Rc2+ 34. Kd1 Rcxd2+ 35. Rxd2 b2 36. Rh7+ Kxg6 37. Rxb7 1-0

[Event "HUN-chT2 Breyer 0607"]
[Site "Hungary"]
[Date "2007.03.04"]
[Round "6"]
[White "Kiss, Jozsef"]
[Black "Kormos, Andras"]
[Result "1/2-1/2"]
[WhiteElo "2095"]
[BlackElo "2067"]
[PlyCount "152"]
[EventDate "2006.11.12"]
[EventType "team"]
[EventRounds "11"]
[EventCountry "HUN"]
[SourceTitle "EXT 2008"]
[Source "ChessBase"]
[SourceDate "2007.11.25"]
[SourceVersion "1"]
[SourceVersionDate "2007.11.25"]
[SourceQuality "1"]
[WhiteTeam "Penzugyor II"]
[BlackTeam "BEAC Rufusz II"]
[WhiteTeamCountry "HUN"]
[BlackTeamCountry "HUN"]

1. e4 g6 2. f4 Bg7 3. Nf3 c5 4. c3 Nc6 5. Bc4 e6 6. Bb3 Qb6 7. Bc2 d5 8. e5 f6 9. exf6 Nxf6 10. d3 0-0 11. 0-0 Re8 12. a4 e5 13. a5 Nxa5 14. Nxe5 Nc6 15. Ba4 Re7 16. Bxc6 bxc6 17. Qa4 Bb7 18. Nd2 Nd7 19. Nxd7 Rxd7 20. f5 Rf7 21. fxg6 c4+ 22. d4 Rxf1+ 23. Kxf1 hxg6 24. Nf3 Bf6 25. Qc2 Kg7 26. Bf4 Bc8 27. Be5 Bf5 28. Bxf6+ Kxf6 29. Qd2 Kg7 30. Ne5 Rf8 31. Kg1 c5 32. dxc5 Qxc5+ 33. Qd4 Qxd4+ 34. cxd4 Rb8 35. g4 Be4 36. Rxa7+ Kg8 37. Ra2 Bb1 38. Nd7 Rb5 39. Ra8+ Kg7 40. Rb8 Ra5 41. Kf2 Ra2 42. Ke3 g5 43. Ne5 Ra6 44. Rb7+ Kf8 45. Rf7+ Ke8 46. Rf2 Rb6 47. Re2 Ke7 48. Kf2 Rf6+ 49. Kg3 Be4 50. Rf2 Rb6 51. h3 Rb3+ 52. Kh2 Re3 53. Nf7 Rd3 54. Nxg5 Rxd4 55. Re2 Kf6 56. h4 Bb1 57. Kg3 Rd3+ 58. Nf3 d4 59. g5+ Kg7 60. Re7+ Kf8 61. Re1 Ba2 62. Kf4 c3 63. bxc3 dxc3 64. Rc1 Bd5 65. Ne5 Rh3 66. Kf5 Kg7 67. h5 Rxh5 68. Rxc3 Rh1 69. Rc7+ Kg8 70. Ng6 Rf1+ 71. Nf4 Ba2 72. g6 Bb1+ 73. Kg5 Bxg6 74. Nxg6 Rg1+ 75. Kf5 Rf1+ 76. Ke6 Rf6+ 1/2-1/2

[Event "HUN-chT2 Erkel 0607"]
[Site "Hungary"]
[Date "2006.12.17"]
[Round "4"]
[White "Gombocz, Zsolt"]
[Black "Kiss, Jozsef"]
[Result "1/2-1/2"]
[WhiteElo "2088"]
[BlackElo "2098"]
[PlyCount "21"]
[EventDate "2006.11.12"]
[EventType "team"]
[EventRounds "11"]
[EventCountry "HUN"]
[SourceTitle "EXT 2008"]
[Source "ChessBase"]
[SourceDate "2007.11.25"]
[SourceVersion "1"]
[SourceVersionDate "2007.11.25"]
[SourceQuality "1"]
[WhiteTeam "MAFC"]
[BlackTeam "Keviterv"]
[WhiteTeamCountry "HUN"]
[BlackTeamCountry "HUN"]

1. d4 d5 2. Nf3 c6 3. Bf4 Nf6 4. e3 Bg4 5. Be2 e6 6. Ne5 Bxe2 7. Qxe2 Nbd7 8. 0-0 Nxe5 9. Bxe5 Bd6 10. Nd2 0-0 11. b3 1/2-1/2

[Event "HUN-chT2 Erkel 0607"]
[Site "Hungary"]
[Date "2006.12.03"]
[Round "3"]
[White "Pall, Eva Boglarka"]
[Black "Kiss, Jozsef"]
[Result "1-0"]
[WhiteElo "2098"]
[BlackElo "2098"]
[PlyCount "103"]
[EventDate "2006.11.12"]
[EventType "team"]
[EventRounds "11"]
[EventCountry "HUN"]
[SourceTitle "EXT 2008"]
[Source "ChessBase"]
[SourceDate "2007.11.25"]
[SourceVersion "1"]
[SourceVersionDate "2007.11.25"]
[SourceQuality "1"]
[WhiteTeam "Szekuritas"]
[BlackTeam "Keviterv"]
[WhiteTeamCountry "HUN"]
[BlackTeamCountry "HUN"]

1. e4 e6 2. d4 d5 3. exd5 exd5 4. Bd3 Nc6 5. c3 Bd6 6. Be3 Nge7 7. Nf3 Bg4 8. Nbd2 Qd7 9. h3 Bh5 10. Qc2 Bg6 11. Bxg6 Nxg6 12. 0-0-0 0-0-0 13. Nb3 Nce7 14. Rhe1 Qf5 15. Re2 Rhe8 16. Rde1 Qxc2+ 17. Kxc2 Nf5 18. Bd2 Rxe2 19. Rxe2 f6 20. g3 b6 21. Nc1 Kd7 22. Nd3 h5 23. b3 c6 24. Kd1 Bc7 25. Kc2 Nd6 26. Nf4 Nxf4 27. Bxf4 Ne4 28. Bxc7 Kxc7 29. Nd2 Nd6 30. Kd3 Kd7 31. Re1 h4 32. gxh4 Rh8 33. Rg1 Rh7 34. Nf3 Ke7 35. c4 Ne4 36. Ke3 Ke6 37. cxd5+ Kxd5 38. a3 Nd6 39. Kd3 Nf5 40. Rg4 a5 41. Rf4 Nd6 42. Nd2 b5 43. Ne4 Nb7 44. Rxf6 b4 45. axb4 axb4 46. Rf5+ Ke6 47. Re5+ Kd7 48. h5 Rh8 49. Rg5 Rh7 50. Kc4 Nd8 51. Kxb4 Ne6 52. Nc5+ 1-0

[Event "HUN-chT2 Breyer 0607"]
[Site "Hungary"]
[Date "2006.11.26"]
[Round "2"]
[White "Gal, Lajos"]
[Black "Kiss, Jozsef"]
[Result "1-0"]
[WhiteElo "2140"]
[BlackElo "2095"]
[PlyCount "73"]
[EventDate "2006.11.12"]
[EventType "team"]
[EventRounds "11"]
[EventCountry "HUN"]
[SourceTitle "EXT 2008"]
[Source "ChessBase"]
[SourceDate "2007.11.25"]
[SourceVersion "1"]
[SourceVersionDate "2007.11.25"]
[SourceQuality "1"]
[WhiteTeam "Esztergom"]
[BlackTeam "Penzugyor II"]
[WhiteTeamCountry "HUN"]
[BlackTeamCountry "HUN"]

1. f4 d5 2. Nf3 c5 3. e3 Nc6 4. Bb5 Bd7 5. 0-0 Nf6 6. d4 e6 7. c3 Qb6 8. Bd3 Bd6 9. Kh1 c4 10. Bc2 h6 11. Nbd2 Ng4 12. Qe2 g5 13. Ne5 f5 14. Nxg4 fxg4 15. Bg6+ Kd8 16. f5 Ne7 17. e4 exf5 18. Bxf5 Nxf5 19. exf5 h5 20. b3 Rf8 21. Qd1 Qc7 22. Nf3 Bxf5 23. Ne5 Be6 24. Bxg5+ Kc8 25. bxc4 dxc4 26. Qa4 Rg8 27. Bh4 a6 28. Rab1 Bd5 29. Rb2 b5 30. Qc2 Bxe5 31. dxe5 Kb7 32. Rf6 Qxe5 33. Qf2 Bc6 34. Rf7+ Kc8 35. Bg3 Qxc3 36. Rc7+ Kd8 37. Rd2+ 1-0

[Event "HUN-chT2 Toth 0506"]
[Site "Hungary"]
[Date "2005.11.27"]
[Round "4"]
[White "Kiss, Jozsef"]
[Black "Hegyesi, Zoltan"]
[Result "0-1"]
[WhiteElo "2098"]
[BlackElo "1968"]
[PlyCount "96"]
[EventDate "2005.10.16"]
[EventType "team"]
[EventRounds "11"]
[EventCountry "HUN"]
[SourceTitle "EXT 2009"]
[Source "ChessBase"]
[SourceDate "2008.11.26"]
[SourceVersion "1"]
[SourceVersionDate "2008.11.26"]
[SourceQuality "1"]
[WhiteTeam "Metroepszolg"]
[BlackTeam "Bekes"]
[WhiteTeamCountry "HUN"]
[BlackTeamCountry "HUN"]

1. e4 c6 2. d4 d5 3. exd5 cxd5 4. Bd3 Nc6 5. c3 Nf6 6. Bf4 g6 7. Nf3 Bg7 8. Nbd2 0-0 9. 0-0 Bf5 10. Bxf5 gxf5 11. Ne5 e6 12. Re1 Ne4 13. Nxc6 bxc6 14. Nf3 Qb6 15. Qb3 Rfe8 16. Ne5 Rac8 17. f3 Nf6 18. Nd3 Nd7 19. Bg3 Bf8 20. Ne5 Nxe5 21. Bxe5 c5 22. Qc2 cxd4 23. Qf2 dxc3 24. Bd4 Qxd4 25. Qxd4 Bc5 26. bxc3 Bxd4+ 27. cxd4 Rc4 28. Red1 Rb8 29. Rd2 Rbb4 30. Rad1 Kf8 31. Kf2 Rc3 32. Kg3 Kg7 33. Kf4 Kf6 34. Kg3 Kg5 35. Re1 a5 36. Kf2 Rcc4 37. Red1 f4 38. g3 fxg3+ 39. hxg3 a4 40. Ke3 Rc3+ 41. Rd3 Rxd3+ 42. Rxd3 Rc4 43. Kf2 Rc2+ 44. Ke3 Rxa2 45. Rc3 Rb2 46. Ra3 Rb3+ 47. Rxb3 axb3 48. Kd3 h5 0-1

[Event "HUN-chT2 Toth 0506"]
[Site "Hungary"]
[Date "2005.11.13"]
[Round "3"]
[White "Katona, Jozsef"]
[Black "Kiss, Jozsef"]
[Result "0-1"]
[WhiteElo "2065"]
[BlackElo "2098"]
[PlyCount "92"]
[EventDate "2005.10.16"]
[EventType "team"]
[EventRounds "11"]
[EventCountry "HUN"]
[SourceTitle "EXT 2009"]
[Source "ChessBase"]
[SourceDate "2008.11.26"]
[SourceVersion "1"]
[SourceVersionDate "2008.11.26"]
[SourceQuality "1"]
[WhiteTeam "Oroshaza"]
[BlackTeam "Metroepszolg"]
[WhiteTeamCountry "HUN"]
[BlackTeamCountry "HUN"]

1. e4 c5 2. Nf3 g6 3. d4 Bg7 4. c4 Qb6 5. dxc5 Qxc5 6. Be2 Nf6 7. Nc3 d6 8. 0-0 0-0 9. h3 Nc6 10. Be3 Qb4 11. Qc2 Na5 12. Nd2 d5 13. a3 Qd6 14. cxd5 b6 15. b4 Nb7 16. Rac1 e6 17. Nb5 Qe7 18. Nc7 Rb8 19. dxe6 Bxe6 20. Nxe6 Qxe6 21. f4 Rbc8 22. Qb1 Nxe4 23. Nxe4 f5 24. Rxc8 Rxc8 25. Bf3 Re8 26. Ng5 Qxe3+ 27. Kh1 Nd6 28. Qa2+ Kh8 29. Rd1 h6 30. Nf7+ Nxf7 31. Qxf7 Kh7 32. Qc7 Qxa3 33. Rd7 Qa1+ 34. Kh2 Re1 35. Re7 Rxe7 36. Qxe7 Qd4 37. Kg3 a5 38. bxa5 bxa5 39. Qf7 h5 40. h4 a4 41. Bxh5 gxh5 42. Qxf5+ Kg8 43. Qxh5 Qe3+ 44. Kh2 Qxf4+ 45. Kh1 Qe4 46. Qg5 Qe1+ 0-1

[Event "HUN-chT2 Erkel 0405"]
[Site "Hungary"]
[Date "2005.02.20"]
[Round "8"]
[White "Makrai, Peter"]
[Black "Kiss, Jozsef"]
[Result "0-1"]
[WhiteElo "1847"]
[BlackElo "2108"]
[PlyCount "102"]
[EventDate "2004.09.26"]
[EventType "team"]
[EventRounds "11"]
[EventCountry "HUN"]
[SourceTitle "EXT 2009"]
[Source "ChessBase"]
[SourceDate "2008.11.26"]
[SourceVersion "1"]
[SourceVersionDate "2008.11.26"]
[SourceQuality "1"]
[WhiteTeam "Karpati"]
[BlackTeam "Metroepszolg"]
[WhiteTeamCountry "HUN"]
[BlackTeamCountry "HUN"]

1. e4 e6 2. d4 d5 3. Nc3 Bb4 4. e5 c5 5. a3 cxd4 6. Qxd4 Nc6 7. Bb5 Ba5 8. Bxc6+ bxc6 9. Nge2 Ne7 10. 0-0 0-0 11. Bg5 Qc7 12. Ng3 Ng6 13. Rfe1 c5 14. Qa4 Bd7 15. Nb5 Bxe1 16. Nxc7 Bxa4 17. Nxa8 Ba5 18. b3 Bc6 19. b4 cxb4 20. axb4 Bxb4 21. Nc7 a5 22. Na6 Bc3 23. Ra3 Bxe5 24. Rxa5 Ra8 25. Bd2 Bb7 26. Nc5 Rxa5 27. Bxa5 Bc6 28. Nd3 Bb8 29. Ne2 Ne5 30. Nb4 Be8 31. Nd3 Bb5 32. Nec1 f6 33. g3 Nxd3 34. Nxd3 Kf7 35. Kf1 e5 36. Ke1 Ba7 37. Bd2 h5 38. Be3 Bxe3 39. fxe3 Bxd3 40. cxd3 Ke6 41. Ke2 g5 42. h3 Kd6 43. Kd2 f5 44. Ke2 Kc5 45. h4 gxh4 46. gxh4 Kb4 47. Kd2 f4 48. e4 d4 49. Kc2 Ka3 50. Kd2 Kb2 51. Ke2 Kc2 0-1

[Event "HUN-chT2 Erkel 0405"]
[Site "Hungary"]
[Date "2004.12.19"]
[Round "6"]
[White "Kiss, Jozsef"]
[Black "Kantor, Jozsef"]
[Result "1-0"]
[WhiteElo "2108"]
[BlackElo "1989"]
[PlyCount "61"]
[EventDate "2004.09.26"]
[EventType "team"]
[EventRounds "11"]
[EventCountry "HUN"]
[SourceTitle "EXT 2009"]
[Source "ChessBase"]
[SourceDate "2008.11.26"]
[SourceVersion "1"]
[SourceVersionDate "2008.11.26"]
[SourceQuality "1"]
[WhiteTeam "Metroepszolg"]
[BlackTeam "Mezokovesd"]
[WhiteTeamCountry "HUN"]
[BlackTeamCountry "HUN"]

1. e4 c6 2. d4 d5 3. f3 e6 4. Nc3 Bb4 5. Bd3 dxe4 6. fxe4 Qxd4 7. Bd2 Nf6 8. Nf3 Qb6 9. Qe2 Nbd7 10. 0-0-0 e5 11. g4 0-0 12. g5 Ne8 13. h4 Nc7 14. g6 hxg6 15. h5 g5 16. h6 g6 17. h7+ Kh8 18. Nxg5 Nb5 19. Bxb5 Bxc3 20. Bxc3 cxb5 21. Bb4 Qf6 22. Rhg1 Qg7 23. Rdf1 Qh6 24. Bxf8 Nxf8 25. Kb1 Be6 26. Nxe6 Nxe6 27. Rxf7 a6 28. Qf2 Nf4 29. Qc5 Re8 30. Qd6 Qh2 31. Qf6# 1-0

[Event "HUN-chT2 Erkel 0304"]
[Site "Hungary"]
[Date "2004.04.04"]
[Round "10"]
[White "Erdelyi, Rudolf"]
[Black "Kiss, Jozsef"]
[Result "0-1"]
[WhiteElo "1996"]
[BlackElo "2108"]
[PlyCount "72"]
[EventDate "2003.09.28"]
[EventType "team"]
[EventRounds "11"]
[EventCountry "HUN"]
[SourceTitle "EXT 2009"]
[Source "ChessBase"]
[SourceDate "2008.11.26"]
[SourceVersion "1"]
[SourceVersionDate "2008.11.26"]
[SourceQuality "1"]
[WhiteTeam "Dunaharaszti II"]
[BlackTeam "Penzugyor II"]
[WhiteTeamCountry "HUN"]
[BlackTeamCountry "HUN"]

1. d4 Nf6 2. Nf3 g6 3. e3 Bg7 4. Bd3 0-0 5. 0-0 d6 6. Nbd2 Nbd7 7. Qe2 e5 8. c3 Nh5 9. Re1 f5 10. Bc4+ Kh8 11. dxe5 dxe5 12. Nf1 e4 13. Nd4 Ne5 14. Bb3 Qe7 15. f4 Nd3 16. Rd1 c5 17. Nb5 a6 18. Na3 b5 19. Bd5 Bb7 20. Bxb7 Qxb7 21. Nc2 b4 22. cxb4 cxb4 23. Ne1 Qb6 24. Kh1 Nhxf4 25. Qd2 Nxe1 26. Qxe1 Nd3 27. Qe2 f4 28. Rb1 Rad8 29. Rd2 fxe3 30. Nxe3 Rf2 31. Qxf2 Nxf2+ 32. Rxf2 Bh6 33. Re2 Rd3 34. Nc2 Rd1+ 35. Re1 Rxe1+ 36. Nxe1 Qf2 0-1

[Event "HUN-chT2 Erkel 0304"]
[Site "Hungary"]
[Date "2004.02.22"]
[Round "8"]
[White "Kladiva, Imre"]
[Black "Kiss, Jozsef"]
[Result "0-1"]
[WhiteElo "2047"]
[BlackElo "2108"]
[PlyCount "64"]
[EventDate "2003.09.28"]
[EventType "team"]
[EventRounds "11"]
[EventCountry "HUN"]
[SourceTitle "EXT 2009"]
[Source "ChessBase"]
[SourceDate "2008.11.26"]
[SourceVersion "1"]
[SourceVersionDate "2008.11.26"]
[SourceQuality "1"]
[WhiteTeam "Fuzesabony"]
[BlackTeam "Penzugyor II"]
[WhiteTeamCountry "HUN"]
[BlackTeamCountry "HUN"]

1. e4 e5 2. Nf3 Nc6 3. Bb5 Nge7 4. Nc3 Nd4 5. Nxe5 c6 6. Bc4 d5 7. exd5 Nxd5 8. Nxd5 cxd5 9. Bb3 Qg5 10. Ba4+ Ke7 11. 0-0 Bh3 12. g3 Qxe5 13. d3 Bxf1 14. Kxf1 b5 15. Bf4 Qe2+ 16. Qxe2+ Nxe2 17. Re1 bxa4 18. Rxe2+ Kf6 19. h4 h6 20. g4 Rd8 21. Bc7 Rd7 22. Be5+ Kg6 23. f4 f6 24. f5+ Kf7 25. Bd4 Bd6 26. b3 axb3 27. axb3 Re8 28. Rg2 Be5 29. Bc5 Bc3 30. g5 Re5 31. g6+ Ke8 32. Rf2 d4 0-1

[Event "HUN-chT2 Erkel 0304"]
[Site "Hungary"]
[Date "2003.12.07"]
[Round "5"]
[White "Kiss, Jozsef"]
[Black "Maraczi, Erno"]
[Result "1-0"]
[WhiteElo "2108"]
[BlackElo "2120"]
[PlyCount "41"]
[EventDate "2003.09.28"]
[EventType "team"]
[EventRounds "11"]
[EventCountry "HUN"]
[SourceTitle "EXT 2009"]
[Source "ChessBase"]
[SourceDate "2008.11.26"]
[SourceVersion "1"]
[SourceVersionDate "2008.11.26"]
[SourceQuality "1"]
[WhiteTeam "Penzugyor II"]
[BlackTeam "Godollo"]
[WhiteTeamCountry "HUN"]
[BlackTeamCountry "HUN"]

1. e4 c5 2. f4 Nc6 3. Nf3 d6 4. c3 f5 5. Bd3 fxe4 6. Bxe4 Nf6 7. Bc2 Bg4 8. 0-0 Qd7 9. a4 0-0-0 10. Na3 e5 11. d3 exf4 12. Bxf4 h6 13. Qd2 g5 14. Nxg5 hxg5 15. Bxg5 Ng8 16. Bxd8 Qxd8 17. Qf4 Nh6 18. h3 Bd7 19. d4 Be7 20. Nb5 cxd4 21. cxd4 1-0

[Event "HUN-chT2 Erkel 0304"]
[Site "Hungary"]
[Date "2003.09.28"]
[Round "1"]
[White "Klein, Peter"]
[Black "Kiss, Jozsef"]
[Result "1/2-1/2"]
[WhiteElo "2052"]
[BlackElo "2108"]
[PlyCount "80"]
[EventDate "2003.09.28"]
[EventType "team"]
[EventRounds "11"]
[EventCountry "HUN"]
[SourceTitle "EXT 2009"]
[Source "ChessBase"]
[SourceDate "2008.11.26"]
[SourceVersion "1"]
[SourceVersionDate "2008.11.26"]
[SourceQuality "1"]
[WhiteTeam "Garancia"]
[BlackTeam "Penzugyor II"]
[WhiteTeamCountry "HUN"]
[BlackTeamCountry "HUN"]

1. e4 e5 2. Nf3 Nc6 3. d4 exd4 4. c3 d5 5. Nxd4 dxe4 6. Bc4 Ne5 7. Be2 c5 8. Nb5 Bd7 9. Qd5 Nd3+ 10. Bxd3 exd3 11. Qe5+ Be7 12. Nc7+ Kf8 13. Nxa8 Qxa8 14. Bf4 Bc6 15. 0-0 b5 16. Qb8+ Qxb8 17. Bxb8 a6 18. Nd2 c4 19. a4 h5 20. axb5 axb5 21. Bf4 g5 22. Be3 h4 23. Ra6 Rh6 24. b3 Bd5 25. Rxh6 Nxh6 26. bxc4 bxc4 27. Ra1 Nf5 28. Ra5 Nxe3 29. fxe3 Be6 30. Ne4 f5 31. Nd2 Bf6 32. Ra3 g4 33. Kf2 Kf7 34. Nb1 Be5 35. g3 h3 36. Kg1 Bd5 37. Kf2 Ke6 38. Ra6+ Kd7 39. Ra2 Kc6 40. Rb2 Kc5 1/2-1/2